[Event "IV Festival Capo d'Orso"]
[Site "Portomannu - Palau "]
[Date "2012.06.02"]
[Round "9.1"]
[White "Danieli, Enrico"]
[Black "Seletsky, Grigory"]
[Result "1/2-1/2"]
[WhiteElo "2093"]
[BlackElo "2338"]
[PlyCount "24"]
[EventDate "2012.06.02"]
[EventCountry "ITA"]
[SourceDate "2005.09.12"]

1. d4 d5 2. Nf3 Nf6 3. Bg5 Nbd7 4. e3 c6 5. Bd3 e6 6. O-O Be7 7. Nbd2 O-O 8. c3
h6 9. Bh4 b6 10. Re1 Bb7 11. e4 dxe4 12. Nxe4 c5 1/2-1/2

[Event "IV Festival Capo d'Orso"]
[Site "Portomannu - Palau "]
[Date "2012.06.02"]
[Round "9.3"]
[White "Messa, Roberto"]
[Black "Gromovs, Sergejs"]
[Result "0-1"]
[WhiteElo "2305"]
[BlackElo "2162"]
[PlyCount "114"]
[EventDate "2012.06.02"]
[EventCountry "ITA"]
[SourceDate "2005.09.12"]

1. e4 d6 2. d4 Nf6 3. Nc3 g6 4. g3 Bg7 5. Bg2 O-O 6. Nge2 Nbd7 7. O-O c5 8. h3
cxd4 9. Nxd4 a6 10. Bg5 h6 11. Be3 Qc7 12. Qd2 Kh7 13. Nd5 Nxd5 14. exd5 Nf6
15. Rac1 e5 16. dxe6 fxe6 17. c4 e5 18. Ne2 Be6 19. Nc3 Qd7 20. Nd5 Nxd5 21.
cxd5 Bxh3 22. Bxh3 Qxh3 23. Rc4 Rf3 24. Qe2 Raf8 25. Rfc1 R8f5 26. Re4 Rf7 27.
Rcc4 h5 28. Bf4 b5 29. Rc2 R3xf4 30. gxf4 exf4 31. f3 Rf5 32. Qg2 Qh4 33. Qh2
Qxh2+ 34. Kxh2 Rxd5 35. Re7 Kh6 36. Ra7 Rd3 37. Rxa6 Rxf3 38. Rb6 Re3 39. Rxb5
f3 40. Kg3 Be5+ 41. Kf2 Bd4 42. Kf1 Rd3 43. Ke1 Bf6 44. Rb4 Be5 45. Kf2 Bd4+
46. Rxd4 Rxd4 47. Kxf3 g5 48. Ke3 Rd5 49. b4 h4 50. a4 Re5+ 51. Kd4 h3 52. Rh2
g4 53. b5 Rh5 54. b6 g3 55. b7 g2 56. b8=Q g1=Q+ 57. Ke4 Re5+ 0-1

[Event "Torneo Internazionale"]
[Site "Ivrea"]
[Date "1982.05.??"]
[Round "?"]
[White "Arlandi, Ennio"]
[Black "Messa, Roberto"]
[Result "1-0"]
[WhiteElo "2300"]
[BlackElo "2350"]
[PlyCount "81"]
[EventDate "1982.05.08"]
[EventCountry "ITA"]
[SourceDate "2005.09.12"]

1. d4 Nf6 2. c4 g6 3. Nc3 Bg7 4. e4 d6 5. f3 Nc6 6. d5 Ne5 7. f4 Ned7 8. Nf3
O-O 9. Bd3 c6 10. O-O a5 11. h3 Nc5 12. Be3 cxd5 13. cxd5 Nfd7 14. Bc2 a4 15.
Nd4 Qa5 16. Ncb5 Nf6 17. Qf3 Bd7 18. Na3 Qb4 19. Rad1 Qxb2 20. Bc1 Qb4 21. e5
Ne8 22. Qe3 Nc7 23. Nf3 Nb5 24. Nxb5 Qxb5 25. f5 dxe5 26. Nxe5 Rac8 27. Ba3 Be8
28. Ng4 h5 29. f6 exf6 30. Nxf6+ Kh8 31. Nxh5 gxh5 32. Rf6 Kg8 33. Rh6 f5 34.
Qg5 Ne4 35. Bxe4 fxe4 36. Bxf8 Kxf8 37. Qf5+ Kg8 38. Qe6+ Kf8 39. Qd6+ Kg8 40.
Qe6+ Kf8 41. Rf1+ 1-0

[Event "Torneo Internazionale"]
[Site "Ivrea"]
[Date "1982.05.??"]
[Round "?"]
[White "Bruno, Fabio"]
[Black "Cuartas, Carlos Enrique"]
[Result "1-0"]
[WhiteElo "2230"]
[BlackElo "2435"]
[PlyCount "65"]
[EventDate "1982.05.08"]
[EventCountry "ITA"]
[SourceDate "2005.09.12"]

1. d4 g6 2. c4 Bg7 3. Nc3 d6 4. e4 Nc6 5. Be3 f5 6. d5 Ne5 7. Nge2 c5 8. exf5
Bxf5 9. Ng3 Nf6 10. h3 O-O 11. Be2 a6 12. O-O Rb8 13. Qd2 Nf7 14. Nxf5 gxf5 15.
Qc2 Qd7 16. Bd3 e6 17. dxe6 Qxe6 18. b3 Ne4 19. Nxe4 Bxa1 20. Rxa1 fxe4 21.
Bxe4 h6 22. Rf1 Qf6 23. Bd5 Rbe8 24. Bc1 Re5 25. Bb2 Qf5 26. Qc3 Qg6 27. f4
Rxd5 28. cxd5 Re8 29. Rf3 Kf8 30. Rg3 Qb1+ 31. Kh2 Qf5 32. Rg8+ Ke7 33. Qe3+
1-0

[Event "Torneo Internazionale"]
[Site "Ivrea"]
[Date "1982.05.??"]
[Round "?"]
[White "Despotovic, Momcilo"]
[Black "Messa, Roberto"]
[Result "1-0"]
[WhiteElo "2425"]
[BlackElo "2350"]
[PlyCount "81"]
[EventDate "1982.05.08"]
[EventCountry "ITA"]
[SourceDate "2005.09.12"]

1. d4 Nf6 2. c4 g6 3. Nc3 Bg7 4. e4 d6 5. f3 O-O 6. Bg5 c5 7. d5 e6 8. Qd2 exd5
9. cxd5 a6 10. a4 Nbd7 11. Nh3 Qa5 12. Nf2 b5 13. Be2 b4 14. Ncd1 Nb6 15. Ne3
Bd7 16. O-O Rfc8 17. Nc4 Nxc4 18. Bxc4 Qd8 19. b3 Qf8 20. Qd3 a5 21. Rae1 Re8
22. f4 h6 23. Bh4 Nh5 24. Qf3 Bd4 25. f5 Qg7 26. Kh1 Bf6 27. Bxf6 Nxf6 28. Qf4
gxf5 29. Qxd6 Rad8 30. e5 Nh5 31. Nd3 f4 32. Qxc5 Kh8 33. Qf2 Rg8 34. Re2 Bg4
35. Rd2 Qg5 36. Nxf4 Rg7 37. Nxh5 Qxh5 38. Qf6 Rdg8 39. d6 Be6 40. Bxe6 fxe6
41. d7 1-0

[Event "Torneo Internazionale"]
[Site "Ivrea"]
[Date "1982.05.??"]
[Round "?"]
[White "Messa, Roberto"]
[Black "Sahovic, Dragutin"]
[Result "1-0"]
[WhiteElo "2350"]
[BlackElo "2450"]
[PlyCount "91"]
[EventDate "1982.05.08"]
[EventCountry "ITA"]
[SourceDate "2005.09.12"]

1. e4 e6 2. d4 d5 3. exd5 exd5 4. c4 Nf6 5. Nc3 Bb4 6. Bd3 O-O 7. Nge2 dxc4 8.
Bxc4 Nbd7 9. O-O Nb6 10. Bd3 Re8 11. Bg5 h6 12. Bh4 Be7 13. Re1 c6 14. a3 Be6
15. Rc1 Qd7 16. Bb1 Bf5 17. Ba2 Rad8 18. Bg3 Nfd5 19. Nxd5 Nxd5 20. Qa4 a6 21.
h3 Bf6 22. Nc3 Bg5 23. Rxe8+ Qxe8 24. Rd1 b5 25. Qa5 Nxc3 26. Qxc3 Qe2 27. Re1
Qd2 28. Qxd2 Bxd2 29. Re7 Rd7 30. Bxf7+ Kf8 31. Rxd7 Bxd7 32. Bg6 Ke7 33. Be5
Bc1 34. d5 cxd5 35. Bxg7 Kd6 36. Bd4 Bf4 37. Kf1 a5 38. Ke2 b4 39. axb4 axb4
40. h4 Bb5+ 41. Bd3 Ba4 42. g3 Bc1 43. Bg6 Bb3 44. f4 Kd7 45. f5 Bc2 46. h5 1-0

[Event "Torneo Internazionale"]
[Site "Ivrea"]
[Date "1982.05.??"]
[Round "?"]
[White "Toth, Bela"]
[Black "Bellin, Robert"]
[Result "0-1"]
[WhiteElo "2405"]
[BlackElo "2410"]
[PlyCount "62"]
[EventDate "1982.05.08"]
[EventCountry "ITA"]
[SourceDate "2005.09.12"]

1. d4 e6 2. c4 f5 3. g3 Nf6 4. Bg2 Bb4+ 5. Nd2 O-O 6. Ngf3 a5 7. O-O b6 8. Ne5
Ra7 9. Ndf3 Be7 10. b3 Bb7 11. Nd3 Ne4 12. Qc2 c5 13. Bb2 Nc6 14. a4 Bf6 15. e3
Qc7 16. Rad1 Raa8 17. Qb1 Rae8 18. Nfe5 cxd4 19. exd4 Nxe5 20. dxe5 Be7 21. Bd4
Bc6 22. Qb2 Qb7 23. h4 g5 24. hxg5 Bxg5 25. f4 Be7 26. Kh2 Rf7 27. Bxe4 Bxe4
28. Qf2 Rg7 29. Qe3 Rg6 30. Nf2 Rh6+ 31. Kg1 Bh1 0-1

[Event "VI Festival"]
[Site "Rocca Priora "]
[Date "2012.08.11"]
[Round "1"]
[White "Bernardini, Tommaso"]
[Black "Baba, Masahiro"]
[Result "0-1"]
[WhiteElo "1756"]
[BlackElo "2233"]
[PlyCount "66"]
[EventDate "2012.08.11"]
[EventCountry "ITA"]
[SourceDate "2005.09.12"]

1. d4 Nf6 2. Nc3 e6 3. e4 d5 4. exd5 exd5 5. Nf3 Be7 6. Bd3 Bg4 7. Be3 O-O 8.
Qd2 Nc6 9. h3 Bh5 10. g4 Bg6 11. O-O-O Bb4 12. Bg5 Qd6 13. Kb1 Ne4 14. Bxe4
Bxe4 15. Nxe4 dxe4 16. c3 exf3 17. cxb4 Rfe8 18. Be3 Nxb4 19. Ka1 a5 20. Rc1
Qe6 21. b3 Nd5 22. Rhe1 a4 23. b4 a3 24. Rb1 Qd6 25. Rec1 Re7 26. h4 Rae8 27.
Re1 Qh2 28. Qd3 Nxe3 29. Rxe3 Rxe3 30. fxe3 Qxh4 31. Qxa3 Qxg4 32. Qd3 Qg2 33.
Rf1 Ra8 0-1

[Event "VI Festival"]
[Site "Rocca Priora "]
[Date "2012.08.11"]
[Round "1"]
[White "Boccardi, Alessandro"]
[Black "Pulito, Alberto"]
[Result "0-1"]
[WhiteElo "1763"]
[BlackElo "2252"]
[PlyCount "58"]
[EventDate "2012.08.11"]
[EventCountry "ITA"]
[SourceDate "2005.09.12"]

1. e4 d5 2. exd5 Nf6 3. d4 Bg4 4. Be2 Bxe2 5. Qxe2 Qxd5 6. Nf3 e6 7. Be3 Be7 8.
c4 Qh5 9. Nc3 O-O 10. Ne5 Qxe2+ 11. Kxe2 Nfd7 12. Nxd7 Nxd7 13. Rhd1 a6 14. d5
Ne5 15. Rd4 exd5 16. cxd5 Rfe8 17. Ne4 f5 18. d6 cxd6 19. Nxd6 Bxd6 20. Rxd6 f4
21. Bxf4 Nf7+ 22. Kf3 Nxd6 23. Bxd6 Re6 24. Bb4 Rae8 25. Rd1 Rf6+ 26. Kg3 h5
27. f3 Re2 28. Rd2 Rg6+ 29. Kh3 Rgxg2 0-1

[Event "VI Festival"]
[Site "Rocca Priora "]
[Date "2012.08.11"]
[Round "1"]
[White "Caprio, Guido"]
[Black "Spano Cuomo, Gaetano"]
[Result "1-0"]
[WhiteElo "2427"]
[BlackElo "1804"]
[PlyCount "59"]
[EventDate "2012.08.11"]
[EventCountry "ITA"]
[SourceDate "2005.09.12"]

1. e4 e5 2. Bc4 Bc5 3. Nc3 d6 4. d3 Nf6 5. Na4 Bb6 6. Nxb6 axb6 7. f4 Nc6 8.
Nf3 Bg4 9. O-O Nd4 10. fxe5 dxe5 11. Bxf7+ Kf8 12. Bc4 Nxf3+ 13. gxf3 Bh3 14.
Rf2 Qe8 15. Kh1 Qh5 16. Qg1 h6 17. Bd2 g5 18. Qg3 Re8 19. Bc3 Nd7 20. f4 gxf4
21. Rg1 Ke7 22. Qg7+ Kd8 23. Bf7 Qh4 24. Rf3 Ref8 25. Be1 Qe7 26. Bb3 Be6 27.
Bh4 Qxh4 28. Bxe6 Nf6 29. d4 Qh5 30. Rd3 1-0

[Event "VI Festival"]
[Site "Rocca Priora "]
[Date "2012.08.11"]
[Round "1"]
[White "Ferretti, Folco"]
[Black "Taloni, Silvio"]
[Result "1-0"]
[WhiteElo "2264"]
[BlackElo "1765"]
[PlyCount "39"]
[EventDate "2012.08.11"]
[EventCountry "ITA"]
[SourceDate "2005.09.12"]

1. d4 d6 2. e4 g6 3. Nc3 Bg7 4. Be3 e6 5. Qd2 h6 6. Bd3 Ne7 7. Nge2 Nd7 8. O-O
b6 9. f4 f5 10. d5 Nc5 11. dxe6 Nxe6 12. Ng3 Nd4 13. Bc4 Ne6 14. exf5 Nxf5 15.
Nxf5 gxf5 16. Qd5 Bd7 17. Qxf5 Qf6 18. Qh5+ Qf7 19. Qxf7+ Kxf7 20. f5 1-0

[Event "VI Festival"]
[Site "Rocca Priora "]
[Date "2012.08.11"]
[Round "1"]
[White "Gallucci, Alessio"]
[Black "Maddaloni, Giovanni"]
[Result "1-0"]
[WhiteElo "2245"]
[BlackElo "1761"]
[PlyCount "69"]
[EventDate "2012.08.11"]
[EventCountry "ITA"]
[SourceDate "2005.09.12"]

1. d4 Nf6 2. Bg5 g6 3. Bxf6 exf6 4. e3 Bg7 5. Nd2 d5 6. Ne2 a5 7. g3 Na6 8. c3
O-O 9. Bg2 f5 10. O-O c6 11. a3 Nc7 12. Rc1 b5 13. a4 Bb7 14. b3 Qd7 15. c4
bxa4 16. bxa4 Na6 17. Nb3 Nb4 18. Qd2 Qe7 19. cxd5 cxd5 20. Rc5 Rfc8 21. Rfc1
Rxc5 22. Rxc5 Qd8 23. Nxa5 Rxa5 24. Qxb4 Rxc5 25. Qxc5 Bf8 26. Qc2 Ba6 27. Nf4
Bc4 28. Bf1 Bxf1 29. Kxf1 Bd6 30. Ne2 Qd7 31. Qa2 Qe6 32. a5 Bb8 33. a6 Ba7 34.
Nf4 Qe4 35. Qxd5 1-0

[Event "VI Festival"]
[Site "Rocca Priora "]
[Date "2012.08.16"]
[Round "1"]
[White "Napoli, Nicolo"]
[Black "Luigi, Rinaldo"]
[Result "1-0"]
[WhiteElo "2314"]
[BlackElo "1793"]
[PlyCount "53"]
[EventDate "2012.08.11"]
[EventCountry "ITA"]
[SourceDate "2005.09.12"]

1. e4 c5 2. Nf3 Nc6 3. Bb5 d6 4. O-O Nf6 5. e5 Ng4 6. d4 Bd7 7. Bxc6 Bxc6 8.
Ng5 Nh6 9. e6 f6 10. Nxh7 g6 11. Nxf8 Kxf8 12. d5 Be8 13. Nc3 Kg7 14. Ne4 Bb5
15. Re1 Qe8 16. b3 c4 17. Bb2 Rc8 18. g4 g5 19. a4 Ba6 20. b4 b6 21. a5 Qb5 22.
axb6 axb6 23. Qf3 Rhf8 24. h4 Kg6 25. Nxg5 f5 26. Nf7 Nxg4 27. h5+ 1-0

[Event "VI Festival"]
[Site "Rocca Priora "]
[Date "2012.08.11"]
[Round "1"]
[White "Orazi, Carlo"]
[Black "Vuelban, Virgilio"]
[Result "0-1"]
[WhiteElo "1799"]
[BlackElo "2325"]
[PlyCount "20"]
[EventDate "2012.08.11"]
[EventCountry "ITA"]
[SourceDate "2005.09.12"]

1. d4 Nf6 2. c4 c6 3. Nc3 d5 4. Bg5 Nbd7 5. e3 Ne4 6. Nxe4 dxe4 7. b4 a5 8. Qd2
axb4 9. c5 Qa5 10. Bc4 h6 0-1

[Event "VI Festival"]
[Site "Rocca Priora "]
[Date "2012.08.11"]
[Round "1"]
[White "Pandini, Giuseppe"]
[Black "Corvi, Marco"]
[Result "0-1"]
[WhiteElo "1769"]
[BlackElo "2283"]
[PlyCount "50"]
[EventDate "2012.08.11"]
[EventCountry "ITA"]
[SourceDate "2005.09.12"]

1. f4 g5 2. fxg5 e5 3. d4 d5 4. dxe5 Nc6 5. Nf3 Bg4 6. Bf4 Bg7 7. Nc3 Nge7 8.
Qd3 Qd7 9. O-O-O O-O-O 10. Qb5 a6 11. Qa4 d4 12. Ne4 Qf5 13. e3 Qxe4 14. Bd3
Qd5 15. e4 Qc5 16. Rd2 Bxf3 17. gxf3 Nxe5 18. Bxe5 Bxe5 19. Rg2 Ng6 20. Rg4 h5
21. gxh6 Rxh6 22. Qb3 Nf4 23. Rhg1 Rb6 24. Qxf7 Nxd3+ 25. Kd2 Rxb2 0-1

[Event "VI Festival"]
[Site "Rocca Priora "]
[Date "2012.08.11"]
[Round "1"]
[White "Pescatore, Lorenzo"]
[Black "Di Meo, Enrico"]
[Result "1-0"]
[WhiteElo "2170"]
[BlackElo "1742"]
[PlyCount "45"]
[EventDate "2012.08.11"]
[EventCountry "ITA"]
[SourceDate "2005.09.12"]

1. e4 c6 2. d4 d5 3. exd5 cxd5 4. Bd3 Nc6 5. c3 Qc7 6. Nf3 Bg4 7. O-O Nf6 8.
Bg5 e6 9. Nbd2 Bd6 10. Qa4 Nd7 11. Rfe1 h6 12. Bh4 g5 13. Bg3 Bxg3 14. fxg3
O-O-O 15. b4 Nb6 16. Qc2 h5 17. b5 Na5 18. Ne5 Nac4 19. h3 Nxd2 20. Qxd2 f6 21.
Ng6 Bxh3 22. Nxh8 Rxh8 23. Qf2 1-0

[Event "VI Festival"]
[Site "Rocca Priora "]
[Date "2012.08.11"]
[Round "1"]
[White "Urzi, Silvio"]
[Black "Albertini, Luca"]
[Result "0-1"]
[WhiteElo "1732"]
[BlackElo "2122"]
[PlyCount "74"]
[EventDate "2012.08.11"]
[EventCountry "ITA"]
[SourceDate "2005.09.12"]

1. c4 c6 2. e4 d5 3. exd5 cxd5 4. d4 Nf6 5. Nc3 e6 6. a3 Nc6 7. Nf3 Be7 8. Bd3
O-O 9. O-O dxc4 10. Bxc4 a6 11. Ba2 Qb6 12. b4 Rd8 13. Be3 Nd5 14. Qd3 Nxc3 15.
Qxc3 Bf6 16. Rad1 Ne7 17. Qc5 Qd6 18. Ng5 Bxg5 19. Bxg5 f6 20. Qxd6 Rxd6 21.
Bf4 Rd8 22. Bc7 Re8 23. Rfe1 Kf7 24. d5 Nxd5 25. Bxd5 exd5 26. Rxe8 Kxe8 27.
Rxd5 Be6 28. Rd1 Rc8 29. Bb6 Rc3 30. a4 Rc4 31. Bc5 a5 32. h3 axb4 33. Bb6 b3
34. Rd8+ Kf7 35. Rb8 Bc8 36. Bd4 Rxd4 37. Rxc8 b2 0-1

[Event "VI Festival"]
[Site "Rocca Priora "]
[Date "2012.08.12"]
[Round "2"]
[White "Albertini, Luca"]
[Black "Maggi, Luigi"]
[Result "1-0"]
[WhiteElo "2122"]
[BlackElo "1841"]
[PlyCount "71"]
[EventDate "2012.08.11"]
[EventCountry "ITA"]
[SourceDate "2005.09.12"]

1. d4 d5 2. c4 e6 3. Nf3 c5 4. e3 Nf6 5. Nc3 Nc6 6. Be2 dxc4 7. Bxc4 a6 8. a4
Be7 9. O-O O-O 10. dxc5 Bxc5 11. Qe2 Qc7 12. e4 Ng4 13. g3 Nce5 14. Nxe5 Nxe5
15. Bf4 Bd6 16. Ba2 Ng6 17. Bxd6 Qxd6 18. Rfd1 Qe7 19. Qd2 Qb4 20. Qe2 Qe7 21.
Qd3 Qb4 22. Rd2 Ne5 23. Qe2 b6 24. Rad1 b5 25. Kg2 bxa4 26. Rd4 Qa5 27. Rxa4
Qb6 28. Rad4 Rb8 29. b4 Bb7 30. Na4 Qc7 31. Nc5 Qb6 32. f4 Nc6 33. Rc4 Rbd8 34.
Nd7 Rxd7 35. Rxd7 Nxb4 36. Rcc7 1-0

[Event "VI Festival"]
[Site "Rocca Priora "]
[Date "2012.08.12"]
[Round "2"]
[White "Baba, Masahiro"]
[Black "Taurisano, Vincenzo"]
[Result "1-0"]
[WhiteElo "2233"]
[BlackElo "1873"]
[PlyCount "63"]
[EventDate "2012.08.11"]
[EventCountry "ITA"]
[SourceDate "2005.09.12"]

1. e4 d6 2. d4 Nf6 3. Nc3 g6 4. Bg5 Nbd7 5. Qd2 Bg7 6. O-O-O O-O 7. e5 Ne8 8.
h4 Nb6 9. Qe3 d5 10. h5 Bf5 11. hxg6 Bxg6 12. Nf3 f6 13. Bh6 e6 14. Nh4 f5 15.
Nxg6 hxg6 16. Bxg7 Nxg7 17. Qh6 Kf7 18. Be2 Rh8 19. Qe3 Qe7 20. Nb1 Nd7 21. Nd2
g5 22. g4 c5 23. Nf3 f4 24. Qd3 c4 25. Qc3 b5 26. Qa5 b4 27. Rxh8 Rxh8 28. Qxa7
Kg6 29. b3 cxb3 30. axb3 Qd8 31. Bb5 Nb6 32. Bd3+ 1-0

[Event "VI Festival"]
[Site "Rocca Priora "]
[Date "2012.08.12"]
[Round "2"]
[White "Corvi, Marco"]
[Black "Bighiu, Gheorghe"]
[Result "1/2-1/2"]
[WhiteElo "2283"]
[BlackElo "1977"]
[PlyCount "78"]
[EventDate "2012.08.11"]
[EventCountry "ITA"]
[SourceDate "2005.09.12"]

1. e4 e5 2. Nf3 Nf6 3. Nxe5 d6 4. Nf3 Nxe4 5. Nc3 Nxc3 6. dxc3 Be7 7. Bf4 Nc6
8. Qd2 Be6 9. O-O-O Bxa2 10. b3 a5 11. Kb2 a4 12. Ra1 axb3 13. cxb3 Bxb3 14.
Rxa8 Qxa8 15. Kxb3 Qa1 16. Kc2 O-O 17. Qc1 Qa4+ 18. Kd3 Na5 19. Nd4 c5 20. Qc2
Qc4+ 21. Kd2 Qd5 22. Bd3 cxd4 23. c4 Qxg2 24. Rf1 Bg5 25. Bxg5 Qxg5+ 26. Kd1 g6
27. f4 Qh5+ 28. Kc1 Rc8 29. f5 Nxc4 30. Bxc4 d5 31. Kb1 dxc4 32. Qe4 Qxh2 33.
fxg6 hxg6 34. Rh1 Qd6 35. Qh4 Qb4+ 36. Kc1 Qc3+ 37. Kb1 Qd3+ 38. Kc1 Qc3+ 39.
Kb1 Qd3+ 1/2-1/2

[Event "VI Festival"]
[Site "Rocca Priora "]
[Date "2012.08.12"]
[Round "2"]
[White "Macchini, Bruno"]
[Black "Ferretti, Folco"]
[Result "0-1"]
[WhiteElo "1894"]
[BlackElo "2264"]
[PlyCount "56"]
[EventDate "2012.08.11"]
[EventCountry "ITA"]
[SourceDate "2005.09.12"]

1. e4 d6 2. d4 Nf6 3. Nc3 e5 4. dxe5 dxe5 5. Qxd8+ Kxd8 6. Bg5 Be6 7. Nf3 Nbd7
8. O-O-O Kc8 9. Bxf6 gxf6 10. Nd5 c6 11. Ne3 Nc5 12. Nd2 b5 13. Kb1 Bh6 14. Be2
Kc7 15. Bf3 Rhg8 16. Nf5 Bxf5 17. exf5 Bxd2 18. Rxd2 e4 19. Bh5 Rxg2 20. Re2
Rag8 21. Bxf7 Rxh2 22. Rhe1 Rgg2 23. c4 Rxf2 24. Rxf2 Rxf2 25. b4 Na4 26. cxb5
Nc3+ 27. Ka1 Rxf5 28. bxc6 Rf2 0-1

[Event "VI Festival"]
[Site "Rocca Priora "]
[Date "2012.08.12"]
[Round "2"]
[White "Marzaduri, Marco R"]
[Black "Gallucci, Alessio"]
[Result "0-1"]
[WhiteElo "1845"]
[BlackElo "2245"]
[PlyCount "120"]
[EventDate "2012.08.11"]
[EventCountry "ITA"]
[SourceDate "2005.09.12"]

1. e4 e5 2. d4 exd4 3. Nf3 Nc6 4. c3 d5 5. exd5 Qxd5 6. cxd4 Bb4+ 7. Nc3 Bg4 8.
Be2 Bxf3 9. Bxf3 Qc4 10. Qb3 Qxb3 11. axb3 Nge7 12. O-O a6 13. Ra4 Bd6 14. Nb5
O-O-O 15. Nxd6+ Rxd6 16. Rd1 Rhd8 17. Bf4 Rxd4 18. Raxd4 Nxd4 19. Kf1 Nxf3 20.
Rxd8+ Kxd8 21. gxf3 Nd5 22. Bd2 Kd7 23. Ke2 Ke6 24. Kd3 c6 25. Kd4 b6 26. Ke4
Nf6+ 27. Kf4 Nd7 28. Bc3 f6 29. Bd4 c5 30. Bc3 Nb8 31. h4 Nc6 32. Ke4 Ne7 33.
b4 Nd5 34. Bd2 Nxb4 35. h5 Nd5 36. f4 f5+ 37. Kd3 Nf6 38. h6 gxh6 39. f3 Kd5
40. Bc3 Ne8 41. b3 Nd6 42. Bf6 b5 43. Bg7 h5 44. Bf6 Ne8 45. Be7 Nc7 46. Bd8
Ne6 47. Bf6 Nd4 48. b4 c4+ 49. Ke3 Nc2+ 50. Kd2 Nxb4 51. Kc3 Nd3 52. Kd2 a5 53.
Bg7 b4 54. Kc2 a4 55. Bf6 a3 56. Kb1 Nxf4 57. Ka2 Nd3 58. Kb1 Kc5 59. f4 Nxf4
60. Bg5 Ng6 0-1

[Event "VI Festival"]
[Site "Rocca Priora "]
[Date "2012.08.12"]
[Round "2"]
[White "Pierangeli, Andrea"]
[Black "Napoli, Nicolo"]
[Result "0-1"]
[WhiteElo "1954"]
[BlackElo "2314"]
[PlyCount "84"]
[EventDate "2012.08.11"]
[EventCountry "ITA"]
[SourceDate "2005.09.12"]

1. d4 g6 2. Nf3 Bg7 3. g3 d6 4. Bg2 Nd7 5. O-O e5 6. dxe5 dxe5 7. e4 Ngf6 8.
Nc3 O-O 9. b3 c6 10. Qe2 Re8 11. Bb2 Qc7 12. Rfd1 Nc5 13. Rd2 a5 14. Re1 b6 15.
Qd1 Bh6 16. Rd6 Nfd7 17. h4 Nb7 18. Rd2 Bxd2 19. Qxd2 Ndc5 20. Qh6 f6 21. h5
Qg7 22. Qe3 gxh5 23. Kh2 Bg4 24. Nh4 Qg5 25. Nf5 Qxe3 26. Nxe3 Rad8 27. f3 Be6
28. Re2 b5 29. Ncd1 Rd7 30. f4 Red8 31. f5 Bf7 32. Re1 b4 33. Bf3 a4 34. Bc1
Ra8 35. Re2 axb3 36. axb3 Ra1 37. Bd2 Nd6 38. Bxb4 Ndxe4 39. Rg2 Na6 40. Nc3
Ng5 41. Bxc6 Rc7 42. Be4 Nxb4 0-1

[Event "VI Festival"]
[Site "Rocca Priora "]
[Date "2012.08.12"]
[Round "2"]
[White "Pulito, Alberto"]
[Black "Figus, Maurizio"]
[Result "1-0"]
[WhiteElo "2252"]
[BlackElo "1922"]
[PlyCount "83"]
[EventDate "2012.08.11"]
[EventCountry "ITA"]
[SourceDate "2005.09.12"]

1. e4 c5 2. c3 Nf6 3. e5 Nd5 4. g3 Nc6 5. Bg2 Nc7 6. d4 cxd4 7. cxd4 d6 8. Qa4
dxe5 9. dxe5 Bd7 10. Qe4 Ne6 11. Nf3 Nc5 12. Qe3 Nb4 13. O-O e6 14. Qe2 Qb6 15.
Nc3 Nbd3 16. Rd1 Bb5 17. Nxb5 Qxb5 18. b4 Qxb4 19. Rxd3 Nxd3 20. Qxd3 Rd8 21.
Qc2 Bc5 22. Bg5 Rc8 23. Qb3 Qa5 24. Bd2 Qc7 25. Qa4+ Ke7 26. Rc1 b6 27. Qh4+ f6
28. Bc3 Rhf8 29. Bb2 Qd7 30. exf6+ gxf6 31. Qxh7+ Rf7 32. Qe4 Kf8 33. Re1 e5
34. Bc1 Ke8 35. h4 Qe6 36. Qe2 Rfc7 37. Be3 Bxe3 38. Qxe3 Qxa2 39. Bh3 Rc3 40.
Qe4 Rd8 41. Nxe5 Rd4 42. Qxd4 1-0

[Event "VI Festival"]
[Site "Rocca Priora "]
[Date "2012.08.12"]
[Round "2"]
[White "Ravagnani, Tiziano"]
[Black "Caprio, Guido"]
[Result "1-0"]
[WhiteElo "1998"]
[BlackElo "2427"]
[PlyCount "87"]
[EventDate "2012.08.11"]
[EventCountry "ITA"]
[SourceDate "2005.09.12"]

1. e4 c5 2. Nf3 d6 3. d4 cxd4 4. Nxd4 Nf6 5. Nc3 Nc6 6. Bg5 Bd7 7. Qd2 h6 8.
Bxf6 gxf6 9. Nf5 Qa5 10. Bb5 a6 11. Bxc6 bxc6 12. Ne3 Rb8 13. Qd4 Qb4 14. Qxb4
Rxb4 15. O-O-O h5 16. a3 Rb8 17. Rhe1 h4 18. Nf5 Rh5 19. g4 hxg3 20. hxg3 Bxf5
21. exf5 Kd7 22. g4 Rh4 23. f3 Bh6+ 24. Kb1 Bf4 25. Ne4 Kc7 26. Nf2 Re8 27. Nd3
Bg3 28. Re4 d5 29. Ra4 Ra8 30. c4 e6 31. fxe6 fxe6 32. Nc5 Kb6 33. Nxe6 Re8 34.
Rb4+ Ka7 35. cxd5 cxd5 36. Ng7 Rc8 37. Nf5 Rh3 38. Rxd5 Bf2 39. Rd7+ Ka8 40.
Nd6 Rb8 41. Ra4 Rb6 42. Rd8+ Rb8 43. Rxa6+ Ba7 44. Rd7 1-0

[Event "VI Festival"]
[Site "Rocca Priora "]
[Date "2012.08.12"]
[Round "2"]
[White "Vergoti, Stelian"]
[Black "Pescatore, Lorenzo"]
[Result "0-1"]
[WhiteElo "1824"]
[BlackElo "2170"]
[PlyCount "56"]
[EventDate "2012.08.11"]
[EventCountry "ITA"]
[SourceDate "2005.09.12"]

1. e4 e5 2. Nf3 Nc6 3. Bb5 a6 4. Ba4 Nf6 5. O-O Be7 6. Re1 b5 7. Bb3 d6 8. h3
O-O 9. c3 Na5 10. Bc2 c5 11. d4 Nd7 12. Nbd2 exd4 13. cxd4 Nc6 14. Nf1 Nxd4 15.
Nxd4 cxd4 16. Qxd4 Ne5 17. f4 Nc6 18. Qc3 Bb7 19. Ne3 Bf6 20. Qd2 Nd4 21. Bd3
Qb6 22. Kh1 Rfe8 23. Ng4 Bh4 24. Re3 f5 25. exf5 Qc6 26. f6 Be1 27. f7+ Kxf7
28. Ne5+ Rxe5 0-1

[Event "VI Festival"]
[Site "Rocca Priora "]
[Date "2012.08.12"]
[Round "2"]
[White "Vuelban, Virgilio"]
[Black "Carnicelli, Valerio"]
[Result "1-0"]
[WhiteElo "2325"]
[BlackElo "1998"]
[PlyCount "54"]
[EventDate "2012.08.11"]
[EventCountry "ITA"]
[SourceDate "2005.09.12"]

1. e4 e5 2. Nf3 Nc6 3. Bb5 f5 4. Nc3 fxe4 5. Nxe4 Nf6 6. Nxf6+ Qxf6 7. Qe2 Be7
8. Bxc6 bxc6 9. Nxe5 O-O 10. O-O d5 11. d4 c5 12. c3 Ba6 13. Nd3 Qf5 14. Rd1
Rae8 15. Be3 Bg5 16. dxc5 Rxe3 17. fxe3 Re8 18. Qc2 Rxe3 19. Nb4 Re4 20. Re1
Bc8 21. Rxe4 dxe4 22. Qf2 Qe5 23. Rf1 Bf6 24. Nc6 Qe6 25. Nd4 Qe5 26. Qf4 Qe7
27. b4 Be5 1-0

[Event "VI Festival"]
[Site "Rocca Priora "]
[Date "2012.08.13"]
[Round "3"]
[White "Bighiu, Gheorghe"]
[Black "Di Bernardo, Alessandro"]
[Result "1-0"]
[WhiteElo "1977"]
[BlackElo "1625"]
[PlyCount "99"]
[EventDate "2012.08.11"]
[EventCountry "ITA"]
[SourceDate "2005.09.12"]

1. e4 e6 2. d4 d5 3. exd5 exd5 4. Nf3 Nf6 5. Bd3 Be7 6. O-O Bg4 7. Re1 O-O 8.
Bg5 Re8 9. Nbd2 Nbd7 10. c3 c6 11. Qc2 Qc7 12. Ne5 h6 13. Bh4 Bd6 14. f4 c5 15.
h3 Be6 16. f5 Nxe5 17. dxe5 Bxe5 18. fxe6 fxe6 19. Nf3 Bg3 20. Bxg3 Qxg3 21.
Qf2 Qxf2+ 22. Kxf2 Nd7 23. Bb5 Rad8 24. Bxd7 Rxd7 25. Re5 b5 26. Rae1 Rd6 27.
R1e2 a5 28. Rd2 c4 29. a3 Rb6 30. Rdxd5 exd5 31. Rxe8+ Kf7 32. Ra8 b4 33. Rxa5
bxc3 34. bxc3 Rb3 35. Rxd5 Rxa3 36. Rd4 Rxc3 37. Rxc4 Ra3 38. g4 Ra5 39. Kg3 h5
40. g5 Ra3 41. Kf4 Kg8 42. h4 Ra1 43. Kf5 Ra8 44. Kg6 Ra6+ 45. Kxh5 Kf7 46. g6+
Kf6 47. Rf4+ Ke6 48. Ng5+ Ke5 49. Rf7 Ra8 50. Rxg7 1-0